| 000 | 01090nam a22003257a 4500 | ||
|---|---|---|---|
| 003 | DO-SdBNP | ||
| 005 | 20250225115303.0 | ||
| 007 | ta | ||
| 008 | 210615b 2018 dr a 00| 0 eng d | ||
| 020 | _a978999344258 | ||
| 040 |
_aDO-SdBNP _bspa _cBNPHU |
||
| 082 | 4 |
_a808.5 _bG216di, 2018 _222 |
|
| 100 | 1 |
_aGarcía Molina, Bartolo _96 |
|
| 245 | 1 | 3 |
_aEl discurso científico : _bteoría y aplicación / _cBartolo García Molina ; prólogo Juan Francisco Viloria. |
| 250 | _a2da. ed. | ||
| 260 |
_aSanto Domingo : _bSurco, _c2018. |
||
| 300 |
_a325 p. : _bil. ; _c23 cm. |
||
| 500 | _aIncluye datos biográficos del autor en la solapa de la cubierta | ||
| 504 | _aBibliografía : p. 341-352 | ||
| 590 | _aInventariado, 2019/VM | ||
| 650 | 1 | 4 |
_aAnálisis del discurso _92282 |
| 650 | 1 | 4 |
_aRetórica _96217 |
| 650 | 1 | 0 |
_a Ciencia - _xMetodología _93 |
| 650 | 1 | 4 |
_aLingüística _978837 |
| 650 | 1 | 4 |
_aRedacción de escritos técnicos _91600 |
| 650 | 1 | 4 |
_aComunicación científica _950401 |
| 700 | 1 |
_aJuan Francisco Viloria, _epról. _969056 |
|
| 910 | _aVMateo | ||
| 942 |
_2ddc _cLBS1 |
||
| 999 |
_c49918 _d49918 |
||